| 000 | 00721nam a22001937a 4500 | ||
|---|---|---|---|
| 005 | 20241128112345.0 | ||
| 010 | _aHIN-128856 | ||
| 020 |
_a9798888159668 _c210.00 |
||
| 035 | _aHN-101202 | ||
| 037 | _bDBAD | ||
| 082 | _aक | ||
| 100 |
_aपाठक, दिनेश _974198 |
||
| 245 |
_aमाफ़ करना पिताजी/ _cदिनेश पाठक |
||
| 250 | _aप्रथम | ||
| 260 |
_aमद्रास _bएक्सप्रेस पब्लिशिंग _c2022 |
||
| 270 |
_aनं.-8, 3-क्रॉस स्ट्रीट _bमद्रास _e600004 _k4446315631 |
||
| 300 |
_a104 पृ. _c21 सेमी (अजिल्द) |
||
| 942 |
_2ddc _cHN _hक _mपाठक |
||
| 999 |
_c207107 _d207107 |
||